00833cam a2200181 a 450000500170000000800410001704000120005804100080007004400070007808200190008511100670010424501310017126000860030230000340038865000710042265000780049365000800057120160923154231.0020411s1994 ck r 10010 spa d ala cla0 aspa ack04a333.9507bC74c2 n1er.aCongreso Nacional sobre Biodiversidad. d(1994 : cCali)10aI Congreso Nacional sobre Biodiversidad : bprograma-resúmenes /cI Congreso, Santiago de Cali, 4 al 7 de diciembre de 1994. aCali, Colopmbia : bUniversidad del Valle, Ministerio del Medio Ambiente, c1994. a120 páginas ; c22 x 18 cm.26aBiodiversidadzColombiavProgramasvCongresos, conferencias, etc..26aMedio ambientexInvestigaciónzColombiavCongresos, conferencias, etc..26aConservación de la diversidad biológicavCongresos, conferencias, etc..